[Event "TUR-chT 2nd League"]
[Site "Konya"]
[Date "2022.08.25"]
[Round "5.10"]
[White "Ergonen, Arda"]
[Black "Bakan, Furkan"]
[Result "0-1"]
[WhiteElo "1920"]
[BlackElo "1639"]
[PlyCount "72"]
[EventDate "2022.08.22"]
[EventType "team-swiss"]
[EventRounds "9"]
[EventCountry "TUR"]
[SourceTitle "CBM 210 Extra"]
[Source "ChessBase"]
[SourceDate "2022.11.30"]
[SourceVersion "1"]
[SourceVersionDate "2022.11.30"]
[SourceQuality "1"]
[WhiteTeam "Afyonkarahisar Basari"]
[BlackTeam "Duzce AS"]
[WhiteTeamCountry "TUR"]
[BlackTeamCountry "TUR"]

1. e4 e5 2. Nf3 Nc6 3. Nc3 d6 4. d4 exd4 5. Nxd4 Be7 6. Be3 Nf6 7. Be2 0-0 8. 0-0 Re8 9. f4 Bf8 10. Bf3 Bd7 11. Re1 Qc8 12. h3 Nxd4 13. Bxd4 Kh8 14. Bxf6 gxf6 15. Bh5 Bh6 16. Bxf7 Re7 17. Bc4 Rg7 18. f5 Bf4 19. Nd5 Be5 20. Qf3 Bxb2 21. Rad1 b5 22. Bf1 Be5 23. Ne3 Qa6 24. c4 Rag8 25. Ng4 bxc4 26. Nxe5 dxe5 27. Rd2 Bb5 28. g4 Qc6 29. Rc1 Qb6+ 30. Kh1 h5 31. Bxc4 Bxc4 32. Rxc4 hxg4 33. hxg4 Rh7+ 34. Kg2 Rh4 35. Kg3 Rgxg4+ 36. Qxg4 Rxg4+ 0-1

[Event "NATO-ch 24th"]
[Site "Rynia"]
[Date "2013.08.16"]
[Round "7"]
[White "Ergonen, Arda"]
[Black "Keough, Robert W"]
[Result "1-0"]
[WhiteElo "2022"]
[BlackElo "2077"]
[PlyCount "81"]
[EventDate "2013.08.12"]
[EventType "swiss"]
[EventRounds "7"]
[EventCountry "POL"]
[SourceTitle "CBM 156 Extra"]
[Source "ChessBase"]
[SourceDate "2013.10.22"]
[SourceVersion "1"]
[SourceVersionDate "2013.10.22"]
[SourceQuality "1"]

1. e4 c5 2. Nf3 e6 3. d4 cxd4 4. Nxd4 a6 5. Bd3 Nf6 6. Qe2 Qb6 7. Nb3 d5 8. e5 Nfd7 9. Be3 Qc7 10. f4 Nc6 11. c3 b5 12. N1d2 Nb6 13. Nd4 Nc4 14. Nxc4 bxc4 15. Bc2 Nxd4 16. Bxd4 Bc5 17. Qf2 Bxd4 18. Qxd4 Qa7 19. Qxa7 Rxa7 20. Kd2 0-0 21. Ke3 f6 22. Kd4 Raf7 23. g3 Rb7 24. b3 Bd7 25. b4 a5 26. a3 Ra8 27. Rhb1 axb4 28. axb4 Rba7 29. Rxa7 Rxa7 30. Rb2 Kf7 31. b5 f5 32. b6 Rb7 33. Kc5 Ke7 34. Ra2 Rb8 35. Ra7 Kd8 36. Ba4 Rc8+ 37. Kd6 Bxa4 38. Rxa4 Rb8 39. b7 d4 40. Ra8 dxc3 41. Rxb8# 1-0

[Event "NATO-ch 24th"]
[Site "Rynia"]
[Date "2013.08.15"]
[Round "6"]
[White "Papista, Akos"]
[Black "Ergonen, Arda"]
[Result "1/2-1/2"]
[WhiteElo "2173"]
[BlackElo "2022"]
[PlyCount "100"]
[EventDate "2013.08.12"]
[EventType "swiss"]
[EventRounds "7"]
[EventCountry "POL"]
[SourceTitle "CBM 156 Extra"]
[Source "ChessBase"]
[SourceDate "2013.10.22"]
[SourceVersion "1"]
[SourceVersionDate "2013.10.22"]
[SourceQuality "1"]

1. d4 Nf6 2. Nf3 c5 3. c3 e6 4. e3 d5 5. Bd3 Nc6 6. Nbd2 Bd6 7. 0-0 0-0 8. Qe2 e5 9. dxc5 Bxc5 10. e4 Bg4 11. Nb3 Be7 12. Rd1 dxe4 13. Bxe4 Qc7 14. h3 Nxe4 15. hxg4 Nc5 16. Nxc5 Bxc5 17. Rd5 b6 18. Be3 Bxe3 19. Qxe3 Rad8 20. Rad1 Nd4 21. Rxd8 Nxf3+ 22. gxf3 Rxd8 23. Rxd8+ Qxd8 24. Qxe5 h6 25. Qb5 g6 26. a4 Qc7 27. Kg2 Kg7 28. Qd5 Qf4 29. b4 Qc7 30. c4 Qe7 31. c5 bxc5 32. bxc5 f5 33. c6 h5 34. Qd4+ Kf7 35. Qc3 hxg4 36. c7 gxf3+ 37. Kxf3 Qe4+ 38. Kg3 Qg4+ 39. Kh2 Qf4+ 40. Kg2 Qg4+ 41. Qg3 Qc4 42. Qe5 Qg4+ 43. Kf1 Qd1+ 44. Kg2 Qg4+ 45. Qg3 Qc4 46. f3 Qc2+ 47. Kh3 Qc1 48. Qe5 Qh1+ 49. Kg3 Qg1+ 50. Kh3 Qh1+ 1/2-1/2

[Event "NATO-ch 24th"]
[Site "Rynia"]
[Date "2013.08.14"]
[Round "5"]
[White "Ergonen, Arda"]
[Black "Hater, David"]
[Result "1/2-1/2"]
[WhiteElo "2022"]
[BlackElo "2147"]
[PlyCount "75"]
[EventDate "2013.08.12"]
[EventType "swiss"]
[EventRounds "7"]
[EventCountry "POL"]
[SourceTitle "CBM 156 Extra"]
[Source "ChessBase"]
[SourceDate "2013.10.22"]
[SourceVersion "1"]
[SourceVersionDate "2013.10.22"]
[SourceQuality "1"]

1. e4 e5 2. Nf3 Nc6 3. Bc4 Bc5 4. d3 Nf6 5. Nc3 d6 6. Bg5 Na5 7. Bb3 Nxb3 8. axb3 c6 9. 0-0 Bg4 10. h3 Bh5 11. Na4 Bb4 12. Bxf6 gxf6 13. g4 Bg6 14. Nh4 h5 15. Nxg6 fxg6 16. f4 b5 17. Nc3 Bc5+ 18. Kg2 Qe7 19. Qf3 0-0-0 20. fxe5 fxe5 21. Qf6 Qxf6 22. Rxf6 hxg4 23. hxg4 Rh4 24. Rh1 Rxg4+ 25. Kf3 Rg1 26. Rxg1 Bxg1 27. Rxg6 Rf8+ 28. Ke2 Bc5 29. Nd1 Rh8 30. Rg2 Rh7 31. c3 a5 32. Ne3 Bxe3 33. Kxe3 Rh3+ 34. Kd2 Kc7 35. Rg6 Rh2+ 36. Kc1 Rh1+ 37. Kc2 Rh2+ 38. Kc1 1/2-1/2

[Event "NATO-ch 24th"]
[Site "Rynia"]
[Date "2013.08.13"]
[Round "3"]
[White "Ergonen, Arda"]
[Black "Rosseel, Kimball"]
[Result "1/2-1/2"]
[WhiteElo "2022"]
[BlackElo "1827"]
[PlyCount "138"]
[EventDate "2013.08.12"]
[EventType "swiss"]
[EventRounds "7"]
[EventCountry "POL"]
[SourceTitle "CBM 156 Extra"]
[Source "ChessBase"]
[SourceDate "2013.10.22"]
[SourceVersion "1"]
[SourceVersionDate "2013.10.22"]
[SourceQuality "1"]

1. e4 e6 2. d4 d5 3. Nc3 Nf6 4. Bg5 Be7 5. e5 Nfd7 6. Bxe7 Qxe7 7. f4 a6 8. Nf3 c5 9. Qd2 Nc6 10. dxc5 Qxc5 11. 0-0-0 b5 12. Nd4 Bb7 13. Nxc6 Qxc6 14. Ne2 0-0 15. Nd4 Qb6 16. Kb1 b4 17. Bd3 Nc5 18. f5 Nxd3 19. Qxd3 exf5 20. Nxf5 Qe6 21. Rhe1 a5 22. Nd4 Qa6 23. Qg3 Bc8 24. Qd3 Be6 25. Qxa6 Rxa6 26. b3 Rc8 27. Kb2 Rc5 28. Rc1 Ra8 29. c3 bxc3+ 30. Rxc3 Rxc3 31. Kxc3 Rc8+ 32. Kd2 Kf8 33. Rc1 Rxc1 34. Kxc1 Bd7 35. Kd2 Ke7 36. Kc3 Kd8 37. b4 axb4+ 38. Kxb4 Kc7 39. Kc5 Bc8 40. Nb5+ Kd7 41. Nd6 Ba6 42. Kxd5 Bf1 43. g3 Bg2+ 44. Kd4 Ke6 45. Ne4 Kf5 46. Nf2 h5 47. Nd1 Bf3 48. Ne3+ Ke6 49. a4 Bb7 50. a5 g6 51. Nc2 f6 52. exf6 Kxf6 53. Nb4 Kf5 54. Kc5 Kg4 55. Kb6 Ba8 56. a6 Kh3 57. Ka7 Be4 58. Kb8 Kxh2 59. a7 Kxg3 60. Nd3 g5 61. Nc5 Bc6 62. Nb7 Bxb7 63. Kxb7 g4 64. a8Q h4 65. Qa3+ Kh2 66. Qb2+ Kh3 67. Kc6 g3 68. Kd5 g2 69. Qf2 g1Q 1/2-1/2

[Event "NATO-ch 24th"]
[Site "Rynia"]
[Date "2013.08.12"]
[Round "1"]
[White "Ergonen, Arda"]
[Black "Drabke, Lorenz Maximilian"]
[Result "0-1"]
[WhiteElo "2022"]
[BlackElo "2431"]
[PlyCount "48"]
[EventDate "2013.08.12"]
[EventType "swiss"]
[EventRounds "7"]
[EventCountry "POL"]
[SourceTitle "CBM 156 Extra"]
[Source "ChessBase"]
[SourceDate "2013.10.22"]
[SourceVersion "1"]
[SourceVersionDate "2013.10.22"]
[SourceQuality "1"]

1. e4 c5 2. Nf3 e6 3. d4 cxd4 4. Nxd4 a6 5. Bd3 Nf6 6. 0-0 Qc7 7. Qe2 d6 8. c4 Nbd7 9. Nc3 Ne5 10. Kh1 Bd7 11. f4 Nxd3 12. Qxd3 Rc8 13. Be3 Qxc4 14. Qd1 Qc7 15. Rc1 Qb8 16. e5 dxe5 17. fxe5 Qxe5 18. Bf4 Qh5 19. Qb3 Bc5 20. Rcd1 0-0 21. Rfe1 Ng4 22. Bg3 e5 23. Nf3 Be6 24. Qc2 Ne3 0-1

[Event "TUR-chT"]
[Site "Konya"]
[Date "2010.07.06"]
[Round "10"]
[White "Dogan, Ali Ekber"]
[Black "Ergonen, Arda"]
[Result "1-0"]
[WhiteElo "2109"]
[BlackElo "1995"]
[PlyCount "143"]
[EventDate "2010.06.29"]
[EventType "team-tourn"]
[EventRounds "13"]
[EventCountry "TUR"]
[SourceTitle "CBM 137 Extra"]
[Source "ChessBase"]
[SourceDate "2010.09.01"]
[SourceVersion "1"]
[SourceVersionDate "2010.09.01"]
[SourceQuality "1"]

1. d4 Nf6 2. c4 g6 3. Nf3 Bg7 4. g3 c5 5. d5 d6 6. Bg2 e6 7. Nc3 exd5 8. cxd5 0-0 9. 0-0 Re8 10. Nd2 a6 11. a4 Nbd7 12. Nc4 Ne5 13. Nxe5 Rxe5 14. e4 Re8 15. Re1 Rb8 16. Rb1 b5 17. axb5 axb5 18. b4 cxb4 19. Na2 Ng4 20. h3 Ne5 21. Nxb4 Bd7 22. Bb2 Qc8 23. Kh2 Qb7 24. f4 Nc4 25. Bxg7 Kxg7 26. Qd4+ f6 27. Ra1 Ra8 28. Rxa8 Rxa8 29. e5 fxe5 30. fxe5 Qb6 31. Qxb6 Nxb6 32. exd6 Re8 33. Ra1 Ra8 34. Re1 Re8 35. Rc1 Rc8 36. Rd1 Re8 37. Nc6 Nc4 38. Ra1 Bxc6 39. dxc6 Nxd6 40. Rd1 Nc8 41. Rd5 Kf6 42. Rxb5 Ke6 43. h4 Ne7 44. Rb7 Kf6 45. Bh3 Nf5 46. Rb2 Rc8 47. Rc2 Rc7 48. Bxf5 Kxf5 49. Kh3 h6 50. g4+ Kf6 51. Kg3 Ke6 52. Kf4 Kf6 53. Ke4 Ke6 54. g5 hxg5 55. hxg5 Kd6 56. Kd4 Ke6 57. Kc5 Kf5 58. Rg2 Re7 59. Kd6 Re1 60. Rc2 Kxg5 61. Kd7 Rh1 62. c7 Rh8 63. c8Q Rxc8 64. Rxc8 Kf4 65. Rf8+ Ke4 66. Rg8 Kf5 67. Kd6 g5 68. Kd5 Kf4 69. Kd4 g4 70. Rf8+ Kg3 71. Ke3 Kh2 72. Kf4 1-0

[Event "Agneaux St Lo U18 op"]
[Site "Agneaux"]
[Date "2006.07.11"]
[Round "4"]
[White "Ergonen, Arda"]
[Black "Zied, Jaraya"]
[Result "0-1"]
[WhiteElo "1957"]
[BlackElo "2000"]
[PlyCount "50"]
[EventDate "2006.07.08"]
[EventType "swiss"]
[EventRounds "9"]
[EventCountry "FRA"]
[SourceTitle "EXT 2007"]
[Source "ChessBase"]
[SourceDate "2006.11.23"]
[SourceVersion "1"]
[SourceVersionDate "2006.11.23"]
[SourceQuality "1"]

1. e4 c5 2. Nf3 a6 3. d4 cxd4 4. Nxd4 e5 5. Nb3 Nf6 6. Nc3 Bb4 7. Bg5 h6 8. Bxf6 Bxc3+ 9. bxc3 Qxf6 10. c4 Nc6 11. c3 0-0 12. Bd3 d6 13. 0-0 Be6 14. Rb1 Rac8 15. Qe2 Ne7 16. a4 Ng6 17. g3 Bh3 18. Rfd1 Nf4 19. Qf3 Nxd3 20. Qxf6 gxf6 21. Rxd3 Rxc4 22. Na5 Rxa4 23. Nxb7 Rb8 24. g4 Rxb7 25. Re1 Rxe4 0-1